000 01713nam a2200373 a 4500
001 ebr10657803
003 CaPaEBR
006 m u
007 cr cn|||||||||
008 120927s2013 enka sb 001 0 eng d
010 _z 2012031506
020 _z9781118354223 (cloth)
020 _z9781118354216 (e-book)
040 _aCaPaEBR
_cCaPaEBR
035 _a(OCoLC)811427125
050 1 4 _aQH75
_b.N68 2013eb
082 0 4 _a333.72
_223
245 0 0 _aNovel ecosystems
_h[electronic resource] :
_bintervening in the new ecological world order /
_cedited by Richard J Hobbs, Eric S. Higgs, and Carol M. Hall.
260 _aChichester ;
_aHoboken, N.J. :
_bWiley-Blackwell,
_c2013.
300 _axi, 368 p. :
_bcol. ill.
504 _aIncludes bibliographical references and index.
505 0 _apt. 1. Introduction -- pt. 2. What are novel ecosystems? -- pt. 3. What we know (and don't know) about novel ecosystems -- pt. 4. When and how to intervene -- pt. 5. How do we appreciate novel ecosystems? -- pt. 6. What's next? -- pt. 7. Synthesis and conclusions.
533 _aElectronic reproduction.
_bPalo Alto, Calif. :
_cebrary,
_d2013.
_nAvailable via World Wide Web.
_nAccess may be limited to ebrary affiliated libraries.
650 0 _aEcosystem management.
650 0 _aEcosystem health.
650 0 _aEcological disturbances.
650 0 _aNature
_xEffect of human beings on.
655 7 _aElectronic books.
_2local
700 1 _aHobbs, R. J.
_q(Richard J.)
700 1 _aHiggs, Eric,
_d1958-
700 1 _aHall, Carol M.
710 2 _aebrary, Inc.
856 4 0 _uhttp://site.ebrary.com/lib/rucke/Doc?id=10657803
_zAn electronic book accessible through the World Wide Web; click to view
999 _c64888
_d64888